[Event "44th World U20 ch"]
[Site "Istanbul TUR"]
[Date "2005.11.09"]
[Round "1"]
[White "Moradiabadi, Elshan"]
[Black "Amanov, Mesgen"]
[Result "1-0"]
[WhiteElo "2497"]
[BlackElo "2273"]
[EventDate "2005.11.09"]
[PlyCount "69"]

1.d4 Nf6 2.c4 e6 3.Nc3 Bb4 4.e3 c5 5.Ne2 O-O 6.a3 cxd4 7.exd4 Be7 8.Nf4 d5
9.cxd5 exd5 10.Bd3 Nc6 11.O-O Re8 12.h3 Bf8 13.Bc2 Be6 14.Nxe6 fxe6 15.Bg5
Qb6 16.Bxf6 gxf6 17.Ne2 Bd6 18.b4 Re7 19.Qd3 Rg7 20.Qe3 Kf7 21.Rad1 Rag8 
22.g3 Qc7 23.Kh1 Nxb4 24.Bb1 Nc6 25.Rfe1 Qd7 26.Qf3 Ne7 27.Ng1 Rc8 28.Re3 
Rc6 29.Rde1 Bc7 30.Qh5+ Ng6 31.f4 Kf8 32.f5 exf5 33.Bxf5 Qf7 34.Bxg6 Rxg6 
35.Re7 1-0

[Event "44th World U20 ch"]
[Site "Istanbul TUR"]
[Date "2005.11.09"]
[Round "1"]
[White "Zinchenko, Yaroslav"]
[Black "Moosavian, Seyed Hamed"]
[Result "1/2-1/2"]
[WhiteElo "2485"]
[BlackElo "2263"]
[EventDate "2005.11.09"]
[PlyCount "84"]

1.e4 e6 2.d4 d5 3.Nd2 c5 4.Ngf3 Nc6 5.exd5 exd5 6.Bb5 Bd6 7.O-O Ne7 8.dxc5
Bxc5 9.Nb3 Bd6 10.Re1 O-O 11.Bd3 h6 12.h3 Nf5 13.c3 Be6 14.Bc2 Qf6 15.Qd3 
Rfe8 16.Bd2 Kf8 17.Re2 Rad8 18.Rae1 a6 19.g4 Nh4 20.Nxh4 Qxh4 21.Qh7 Qf6 
22.f4 Bxf4 23.Rf1 g5 24.Ref2 Qg7 25.Qxg7+ Kxg7 26.Bxf4 gxf4 27.Rxf4 Re7 
28.Nd4 Nxd4 29.Rxd4 h5 30.Kg2 hxg4 31.hxg4 Rc7 32.Bb3 Kg6 33.Kg3 Rc5 34.
Rh1 Rb5 35.Kf4 Kf6 36.Rh5 Rg8 37.g5+ Kg7 38.Rh2 f6 39.Rh5 fxg5+ 40.Rxg5+ 
Kf6 41.Rxg8 Bxg8 42.Rd2 Be6 1/2-1/2

[Event "44th World U20 ch"]
[Site "Istanbul TUR"]
[Date "2005.11.09"]
[Round "1"]
[White "Acuner, Emrah"]
[Black "Sulashvili, Malkhas"]
[Result "0-1"]
[WhiteElo "1903"]
[BlackElo "2386"]
[EventDate "2005.11.09"]
[PlyCount "100"]

1.e4 c6 2.d4 d5 3.e5 Bf5 4.Ne2 e6 5.Ng3 Bg6 6.h4 h6 7.h5 Bh7 8.Nc3 c5 9.
Bd3 Bxd3 10.Qxd3 cxd4 11.Qxd4 Nc6 12.Qa4 Qd7 13.Bf4 Bb4 14.O-O Bxc3 15.
bxc3 Nge7 16.Rab1 O-O 17.Qb5 b6 18.c4 Qc7 19.cxd5 Nxd5 20.Bd2 Nxe5 21.f4 
Nc4 22.Bb4 Rfd8 23.Rf3 a6 24.Qa4 b5 25.Qb3 Qb6+ 26.Rf2 Nxb4 27.Qxb4 Rd2 
28.Rf1 Rxc2 29.Qb3 Rxf2 30.Rxf2 Rd8 31.f5 Rd2 32.Ne4 Rxf2 33.Nxf2 exf5 34.
Qf3 Qe6 35.Kh2 Ne3 36.Qf4 Ng4+ 37.Nxg4 fxg4 38.Qb8+ Kh7 39.Qf4 f5 40.a3 
Qf7 41.Kg3 Qxh5 42.Qb4 Qg5 43.a4 Qe3+ 44.Kh2 Qe5+ 45.g3 Qe2+ 46.Kg1 Qe3+ 
47.Kh2 Qf2+ 48.Kh1 Qf1+ 49.Kh2 Qh3+ 50.Kg1 Qxg3+ 0-1

[Event "44th World U20 ch"]
[Site "Istanbul TUR"]
[Date "2005.11.11"]
[Round "3"]
[White "Esen, Baris"]
[Black "Gashimov, Vugar"]
[Result "0-1"]
[WhiteElo "2384"]
[BlackElo "2608"]
[EventDate "2005.11.09"]
[PlyCount "88"]

1.e4 c6 2.d4 d5 3.Nc3 g6 4.e5 Nh6 5.f4 Bg7 6.Nf3 Bg4 7.Be3 Nf5 8.Bf2 h5 9.
Be2 e6 10.Ng5 Bxe2 11.Qxe2 Bh6 12.h4 Nd7 13.O-O-O Qe7 14.Kb1 Nb6 15.Rd3 
O-O-O 16.Nd1 Bxg5 17.fxg5 Kb8 18.Ne3 Ng7 19.Rc1 Rc8 20.b3 c5 21.dxc5 Rxc5 
22.Nf1 Rc6 23.Nd2 Nf5 24.Nf3 Nd7 25.Nd4 Nxd4 26.Bxd4 Nc5 27.Bxc5 Rxc5 28.
c3 Rhc8 29.Qe3 Ra5 30.Rc2 Qa3 31.Qd4 Rb5 32.Qe3 Rc6 33.Rd4 Ra6 34.Rb2 Rc5 
35.Rc2 Rc7 36.Rf4 Qf8 37.Qf2 Rac6 38.Kb2 a5 39.Qe2 Ra6 40.Qb5 Qc8 41.Qf1 
a4 42.bxa4 Rb6+ 43.Kc1 Rxc3 44.Rf2 Qc5 0-1

[Event "44th World U20 ch"]
[Site "Istanbul TUR"]
[Date "2005.11.11"]
[Round "3"]
[White "Poobesh Anand, Selvaraj"]
[Black "Nyback, Tomi"]
[Result "1/2-1/2"]
[WhiteElo "2397"]
[BlackElo "2563"]
[EventDate "2005.11.09"]
[PlyCount "92"]

1.d4 Nf6 2.c4 e6 3.Nc3 Bb4 4.e3 b6 5.Ne2 Bb7 6.a3 Be7 7.d5 O-O 8.g3 b5 9.
Nf4 bxc4 10.Bxc4 exd5 11.Nfxd5 c6 12.Nxe7+ Qxe7 13.O-O d5 14.Be2 a5 15.Bd2
c5 16.Re1 Nbd7 17.Rc1 Bc6 18.Qc2 Rfb8 19.Nd1 Ne4 20.f3 Ng5 21.Bc3 a4 22.h4
Ne6 23.Nf2 Qd6 24.Kg2 Ne5 25.Red1 Rb3 26.Ne4 Qb8 27.Nxc5 Nxc5 28.Bxe5 Qxe5
29.Qxc5 Rxe3 30.Bf1 Bb7 31.Qd4 Qe8 32.Kf2 Re6 33.Re1 Bc6 34.Bh3 Rxe1 35.
Rxe1 Qd8 36.Rc1 Bd7 37.Bf1 Rb8 38.Rc2 Qa5 39.Be2 Be6 40.Qc5 Qxc5+ 41.Rxc5 
Rxb2 42.Ra5 Kf8 43.Rxa4 Rb3 44.Bd1 Rc3 45.Ke1 d4 46.Rxd4 Rxa3 1/2-1/2

[Event "44th World U20 ch"]
[Site "Istanbul TUR"]
[Date "2005.11.11"]
[Round "3"]
[White "Pileckis, Emilis"]
[Black "Lauda, Alexandr"]
[Result "1-0"]
[WhiteElo "2255"]
[BlackElo "2010"]
[EventDate "2005.11.09"]
[PlyCount "71"]

1.d4 Nf6 2.c4 e6 3.Nc3 Bb4 4.e3 b6 5.Ne2 c5 6.g3 Bb7 7.d5 d6 8.Bg2 O-O 9.
O-O Bxc3 10.Nxc3 e5 11.a3 Na6 12.f4 exf4 13.gxf4 Nc7 14.e4 Qc8 15.e5 Nfe8 
16.b4 cxb4 17.axb4 Na6 18.b5 Nc5 19.Ne2 Qc7 20.Bb2 a6 21.Re1 axb5 22.Rxa8 
Bxa8 23.cxb5 Qd7 24.Nc3 Nc7 25.Qe2 Rd8 26.Rd1 Qf5 27.Qe3 Qg4 28.Qg3 Qf5 
29.Ba3 dxe5 30.fxe5 Nd7 31.e6 Nxd5 32.exf7+ Qxf7 33.Nxd5 Nf6 34.Ne7+ Qxe7 
35.Bxe7 Rxd1+ 36.Bf1 1-0

[Event "44th World U20 ch"]
[Site "Istanbul TUR"]
[Date "2005.11.13"]
[Round "5"]
[White "Aleskerov, Faik"]
[Black "Sanikidze, Tornike"]
[Result "0-1"]
[WhiteElo "2321"]
[BlackElo "2411"]
[EventDate "2005.11.09"]
[PlyCount "66"]

1.d4 Nf6 2.c4 g6 3.f3 d5 4.cxd5 Nxd5 5.e4 Nb6 6.Nc3 Bg7 7.Be3 O-O 8.Qd2 
Nc6 9.O-O-O f5 10.h4 fxe4 11.h5 gxh5 12.d5 Ne5 13.Bh6 Nec4 14.Qg5 Rf7 15.
Rh4 Qd6 16.Bxg7 Rxg7 17.Qxh5 Bd7 18.Rxe4 Qb4 19.Rd2 Qc5 20.Bxc4 Nxc4 21.
Rdd4 Nd6 22.Rf4 Nf5 23.Ne2 Nxd4 24.Nxd4 b5 25.a3 a5 26.Kb1 b4 27.Ne4 Qc4 
28.Ne6 Qd3+ 29.Kc1 Qf1+ 30.Kc2 Qc4+ 31.Nc3 Rxg2+ 32.Kc1 Rg1+ 33.Kc2 Ba4+ 
0-1

[Event "44th World U20 ch"]
[Site "Istanbul TUR"]
[Date "2005.11.19"]
[Round "10.2"]
[White "l`Ami, Erwin"]
[Black "Nyback, Tomi"]
[Result "1/2-1/2"]
[WhiteElo "2541"]
[BlackElo "2563"]
[EventDate "2005.11.09"]
[PlyCount "72"]

1.e4 e5 2.Nf3 Nc6 3.Bb5 a6 4.Ba4 Nf6 5.O-O Be7 6.Re1 b5 7.Bb3 O-O 8.c3 d5 
9.d3 dxe4 10.dxe4 Qxd1 11.Bxd1 Bb7 12.Nbd2 Rfd8 13.Bc2 Nd7 14.Nb3 Nb6 15.
Be3 Nc4 16.Bc5 Bf6 17.Reb1 Nb8 18.Ne1 Nd7 19.f3 Nd2 20.Nxd2 Nxc5 21.Nb3 
Nxb3 22.axb3 Rd2 23.Rd1 Rad8 24.Rxd2 Rxd2 25.Rd1 Rxd1 26.Bxd1 Be7 27.Nd3 
Bd6 28.b4 g6 29.Bb3 c6 30.Kf2 Bc8 31.Ke3 Kg7 32.g3 f5 33.exf5 gxf5 34.f4 
e4 35.Nc5 a5 36.Ne6+ Bxe6 1/2-1/2

[Event "44th World U20 ch"]
[Site "Istanbul TUR"]
[Date "2005.11.19"]
[Round "10.3"]
[White "Gashimov, Vugar"]
[Black "Smeets, Jan"]
[Result "0-1"]
[WhiteElo "2608"]
[BlackElo "2531"]
[EventDate "2005.11.09"]
[PlyCount "136"]

1.e4 c5 2.Nc3 d6 3.Nge2 Nf6 4.g3 Nc6 5.Bg2 g6 6.O-O Bg7 7.d3 O-O 8.h3 Rb8 
9.f4 Nd7 10.Be3 b5 11.Qd2 b4 12.Nd1 Nd4 13.Nxd4 cxd4 14.Bf2 Nc5 15.a3 b3 
16.c3 e5 17.Re1 f5 18.fxe5 dxe5 19.cxd4 exd4 20.Rc1 Qd6 21.e5 Bxe5 22.Qa5 
Nxd3 23.Qd5+ Qxd5 24.Bxd5+ Kg7 25.Rxe5 Nxe5 26.Bxd4 Re8 27.Rc7+ Kh6 28.
Bxa7 Rb5 29.Nc3 Ra5 30.Bb6 Ra6 31.Be3+ g5 32.h4 Kg6 33.Bxg5 Be6 34.Ne2 Nd3
35.Bf3 Rd6 36.Rc3 Nxb2 37.Nf4+ Kg7 38.Bh5 Rb8 39.Be7 Nc4 40.Bxd6 b2 41.
Bxb8 b1=Q+ 42.Kh2 Qb2+ 43.Be2 Qxc3 44.Nxe6+ Kg8 45.Nf4 Nd2 46.Ng2 Qxa3 47.
Bf4 Nf3+ 48.Bxf3 Qxf3 49.Ne3 h5 50.Kg1 Kf7 51.Nf1 Ke6 52.Ne3 Kd7 53.Nf1 
Kc6 54.Nh2 Qe2 55.Bg5 Kd5 56.Nf1 Ke4 57.Bf4 Kd3 58.Nh2 Qc2 59.Nf1 Ke2 60.
Nh2 Qe4 61.Bg5 Ke1 62.Bh6 Qd3 63.Bf4 Qe2 64.Be5 Qf2+ 65.Kh1 Kd1 66.Bf4 Ke2
67.Bc7 Qc5 68.Bb8 Qc6+ 0-1

[Event "44th World U20 ch"]
[Site "Istanbul TUR"]
[Date "2005.11.19"]
[Round "10.7"]
[White "Magalashvili, Davit"]
[Black "Khairullin, Ildar"]
[Result "1/2-1/2"]
[WhiteElo "2448"]
[BlackElo "2537"]
[EventDate "2005.11.09"]
[PlyCount "51"]

1.d4 d6 2.c4 e5 3.e3 g6 4.Nc3 Bg7 5.Nf3 Nc6 6.Be2 exd4 7.exd4 Nge7 8.d5 
Ne5 9.Nxe5 Bxe5 10.Qd2 Nf5 11.Qg5 O-O 12.Qxd8 Rxd8 13.Bd2 Re8 14.Kf1 Bd7 
15.Bd3 a6 16.g3 b5 17.Kg2 c6 18.Rab1 Ne7 19.dxc6 Bxc6+ 20.f3 bxc4 21.Bxc4 
d5 22.Bd3 d4 23.Ne4 f5 24.Nc5 a5 25.Rhe1 Nd5 26.Bc4 1/2-1/2

[Event "44th World U20 ch"]
[Site "Istanbul TUR"]
[Date "2005.11.19"]
[Round "10.8"]
[White "Alexeev, Evgeny"]
[Black "Sanikidze, Tornike"]
[Result "1-0"]
[WhiteElo "2632"]
[BlackElo "2411"]
[EventDate "2005.11.09"]
[PlyCount "71"]

1.e4 e5 2.Nf3 Nc6 3.Bb5 a6 4.Ba4 Nf6 5.O-O Be7 6.Re1 b5 7.Bb3 d6 8.c3 O-O 
9.h3 h6 10.d4 Re8 11.Nbd2 Bf8 12.Nf1 Bb7 13.Ng3 Na5 14.Bc2 Nc4 15.b3 Nb6 
16.Bd3 d5 17.exd5 exd4 18.Rxe8 Qxe8 19.c4 bxc4 20.bxc4 c6 21.Rb1 Qd8 22.
dxc6 Bxc6 23.Nxd4 Ba4 24.Qf3 Rc8 25.Ne4 Nxc4 26.Qf5 Nxe4 27.Qxe4 g6 28.Ne6
Qd6 29.Nxf8 Re8 30.Qxc4 Re1+ 31.Bf1 Bb5 32.Rxb5 axb5 33.Qc2 Qxf8 34.Qc3 
Rd1 35.Bb2 Kh7 36.Qb3 1-0

[Event "44th World U20 ch"]
[Site "Istanbul TUR"]
[Date "2005.11.19"]
[Round "10.11"]
[White "Gopal, Geetha Narayanan"]
[Black "Kharitonov, Alexander"]
[Result "0-1"]
[WhiteElo "2327"]
[BlackElo "2545"]
[EventDate "2005.11.09"]
[PlyCount "116"]

1.e4 c6 2.d4 d5 3.e5 c5 4.Nf3 cxd4 5.Nxd4 e6 6.c4 Nc6 7.Nc3 Bb4 8.Nxc6 
bxc6 9.Bd3 Ne7 10.O-O O-O 11.Qe2 Ng6 12.a3 Bxc3 13.bxc3 Ba6 14.f4 Qa5 15.
Be3 Rfd8 16.a4 Rab8 17.Rac1 Rb3 18.Kh1 Ra3 19.Qb2 Rxa4 20.Bxa7 Bxc4 21.Bb6
Rb8 22.Bxa5 Rxb2 23.Bxc4 Rxa5 24.Bd3 Ra3 25.Bxg6 hxg6 26.c4 d4 27.c5 Raa2 
28.Rg1 Rc2 29.h3 Rf2 30.Rcf1 Rfc2 31.Rc1 d3 32.Rxc2 Rxc2 33.Rd1 d2 34.Kh2 
Kh7 35.h4 f6 36.exf6 gxf6 37.Kg3 Kh6 38.Kf3 f5 39.Ke3 Kh5 40.g3 Kg4 41.Kf2
Ra2 42.Kg2 Rb2 43.Kf2 Rc2 44.Kg2 Rc3 45.Rxd2 Rxg3+ 46.Kf2 Rf3+ 47.Kg2 Rxf4
48.Rd6 Re4 49.Rxc6 Kxh4 50.Rd6 Kg5 51.c6 Kf6 52.c7 Rc4 53.Rd7 g5 54.Kg3 
Ke5 55.Kf3 Rc3+ 56.Ke2 Ke4 57.Kd2 Rc5 58.Ke2 e5 0-1

[Event "44th World U20 ch"]
[Site "Istanbul TUR"]
[Date "2005.11.19"]
[Round "10.13"]
[White "Romanov, Evgeny"]
[Black "Xie, George Wendi"]
[Result "1-0"]
[WhiteElo "2479"]
[BlackElo "2340"]
[EventDate "2005.11.09"]
[PlyCount "81"]

1.d4 Nf6 2.c4 e6 3.Nc3 Bb4 4.e3 O-O 5.Ne2 d5 6.a3 Be7 7.cxd5 Nxd5 8.g3 
Nxc3 9.Nxc3 c5 10.d5 exd5 11.Nxd5 Nc6 12.Bg2 Be6 13.O-O Rc8 14.b3 Bf6 15.
Ra2 Bxd5 16.Bxd5 b5 17.Rd2 Qb6 18.Qh5 Na5 19.e4 c4 20.bxc4 Nxc4 21.Rc2 Qa6
22.g4 Nb6 23.Bb3 Rxc2 24.Bxc2 Rc8 25.Bb3 g6 26.Qh6 Nc4 27.Rd1 Ne5 28.Qh3 
Qa5 29.Bb2 Rd8 30.Bd5 Nxg4 31.Bc1 h5 32.Qf3 Qb6 33.h3 Ne5 34.Qf4 Re8 35.
Kg2 Bg7 36.Be3 Qd6 37.Bd4 Qxa3 38.Ra1 g5 39.Qf5 Qd3 40.Bxe5 Rxe5 41.Qxf7+ 
1-0

[Event "44th World U20 ch"]
[Site "Istanbul TUR"]
[Date "2005.11.19"]
[Round "10.15"]
[White "Zhigalko, Andrei"]
[Black "Livshits, Gaby"]
[Result "1/2-1/2"]
[WhiteElo "2537"]
[BlackElo "2381"]
[EventDate "2005.11.09"]
[PlyCount "108"]

1.e4 e5 2.Nf3 Nc6 3.Bb5 a6 4.Ba4 Nf6 5.O-O Be7 6.Re1 b5 7.Bb3 O-O 8.c3 d5 
9.exd5 Nxd5 10.Nxe5 Nxe5 11.Rxe5 c6 12.d4 Bd6 13.Re1 Qh4 14.g3 Qh3 15.Re4 
g5 16.Qe1 h6 17.Nd2 Bf5 18.f3 Nf6 19.Re2 Bd3 20.Re3 Rae8 21.Nf1 c5 22.Qf2 
c4 23.Bc2 Nd5 24.Rxd3 cxd3 25.Bxd3 f5 26.a4 Nc7 27.axb5 axb5 28.f4 Qh5 29.
Bd2 Re7 30.Ne3 gxf4 31.gxf4 Rg7+ 32.Kh1 Kh8 33.d5 Bc5 34.c4 bxc4 35.Bxc4 
Kh7 36.Bc3 Rd7 37.Rg1 Ne8 38.Qg3 Bxe3 39.Qxe3 Nf6 40.h3 Ng4 41.Qf3 Nf2+ 
42.Qxf2 Qxh3+ 43.Qh2 Qf3+ 44.Rg2 Ra7 45.Bd4 Ra1+ 46.Bg1 Rg8 47.Be2 Qe4 48.
Qh3 Rxg2 49.Qxg2 Qxf4 50.Bf3 Qe3 51.Kh2 Qf4+ 52.Kh1 Qe3 53.Bh5 Rxg1+ 54.
Qxg1 Qh3+ 1/2-1/2

[Event "44th World U20 ch"]
[Site "Istanbul TUR"]
[Date "2005.11.19"]
[Round "10.16"]
[White "Terrieux, Kevin"]
[Black "Kurnosov, Igor"]
[Result "1/2-1/2"]
[WhiteElo "2365"]
[BlackElo "2523"]
[EventDate "2005.11.09"]
[PlyCount "77"]

1.d4 Nf6 2.c4 g6 3.Nc3 d5 4.cxd5 Nxd5 5.Bd2 Bg7 6.e4 Nb6 7.Be3 O-O 8.Be2 
Nc6 9.Nf3 Bg4 10.d5 Bxf3 11.gxf3 Na5 12.Bd4 Qd6 13.Rc1 c6 14.Bxg7 Kxg7 15.
Qd2 Rac8 16.Nd1 cxd5 17.Rxc8 Rxc8 18.Qxa5 dxe4 19.Qd2 Qe5 20.f4 Qe6 21.Ne3
Qxa2 22.Qd4+ Kg8 23.O-O Qe6 24.f5 gxf5 25.Kh1 f6 26.Rg1+ Kh8 27.b3 Rg8 28.
Rxg8+ Kxg8 29.Nc4 Kg7 30.Nxb6 Qxb6 31.Qxb6 axb6 32.Kg2 e5 33.f3 Kg6 34.
fxe4 fxe4 35.Kf2 Kg5 36.Ke3 f5 37.Bc4 Kg4 38.Be6 b5 39.b4 1/2-1/2

[Event "44th World U20 ch"]
[Site "Istanbul TUR"]
[Date "2005.11.19"]
[Round "10.17"]
[White "Jojua, Davit"]
[Black "Zinchenko, Yaroslav"]
[Result "1-0"]
[WhiteElo "2337"]
[BlackElo "2485"]
[EventDate "2005.11.09"]
[PlyCount "72"]

1.d4 Nf6 2.c4 g6 3.Nc3 d5 4.Bg5 Ne4 5.Bh4 Nxc3 6.bxc3 dxc4 7.e3 Be6 8.Qb1 
b6 9.Nh3 Bd5 10.Nf4 Bb7 11.Bxc4 Bh6 12.O-O Qd7 13.Nd3 Nc6 14.Nc5 bxc5 15.
Qxb7 Rb8 16.Qa6 Rb6 17.Qa4 cxd4 18.cxd4 Rb4 19.Qa6 Rb6 20.Qa4 Rb4 21.Qc2 
O-O 22.Rfd1 Rfb8 23.Rac1 Nd8 24.Bd3 R8b7 25.Be4 Rb2 26.Qc3 R7b5 27.a4 R5b4
28.Qxc7 Qxc7 29.Rxc7 Nb7 30.Rxb7 Rxb7 31.Bxb7 Rxb7 32.Kf1 Rb4 33.Ra1 f5 
34.Bg3 Kf8 35.Be5 Rb2 36.Bg3 Rb6 1-0

[Event "44th World U20 ch"]
[Site "Istanbul TUR"]
[Date "2005.11.19"]
[Round "10.18"]
[White "Barnaure, Vlad-Victor"]
[Black "Glud, Jakob Vang"]
[Result "0-1"]
[WhiteElo "2454"]
[BlackElo "2349"]
[EventDate "2005.11.09"]
[PlyCount "76"]

1.d4 d5 2.c4 e6 3.Nf3 Nf6 4.e3 Be7 5.b3 O-O 6.Bd3 c5 7.O-O Nc6 8.Bb2 b6 9.
Nbd2 Bb7 10.Qe2 Rc8 11.Rac1 cxd4 12.exd4 dxc4 13.bxc4 Qd6 14.Rfe1 Rfe8 15.
a3 Qf4 16.Qe3 Bd6 17.g3 Qxe3 18.fxe3 e5 19.Ne4 Nxe4 20.Bxe4 Na5 21.Bxb7 
Nxb7 22.Nd2 Re7 23.Kf2 f5 24.Rc2 h5 25.Nf3 e4 26.Ng5 Rec7 27.Rec1 Na5 28.
c5 bxc5 29.Ne6 Nb3 30.Rd1 Re7 31.d5 c4 32.Rb1 Nc5 33.Nxc5 Rxc5 34.Bd4 Rxd5
35.Rxc4 Bxa3 36.Rb8+ Kh7 37.Ra4 Bd6 38.Rd8 Bxg3+ 0-1

[Event "44th World U20 ch"]
[Site "Istanbul TUR"]
[Date "2005.11.19"]
[Round "10.19"]
[White "El Debs, Felipe De Cresce"]
[Black "Sengupta, Deep"]
[Result "1/2-1/2"]
[WhiteElo "2341"]
[BlackElo "2400"]
[EventDate "2005.11.09"]
[PlyCount "93"]

1.e4 e6 2.d4 d5 3.Nc3 Bb4 4.Ne2 dxe4 5.a3 Be7 6.Nxe4 Nf6 7.N2g3 Nbd7 8.Bd3
O-O 9.O-O b6 10.Qf3 Rb8 11.Bf4 Bb7 12.Qe2 Nd5 13.Bd2 Re8 14.c4 N5f6 15.Bc3
Bf8 16.Rfe1 g6 17.Rad1 Bg7 18.Qc2 Qc8 19.b4 Nxe4 20.Nxe4 h6 21.Ng3 Nf6 22.
Re2 Qd7 23.Qb2 Nh7 24.b5 h5 25.h3 Red8 26.Be4 Bxe4 27.Nxe4 f5 28.Ng3 e5 
29.d5 e4 30.Bxg7 Qxg7 31.Qxg7+ Kxg7 32.h4 Re8 33.Rc2 Nf6 34.Ne2 Nd7 35.Nd4
Nc5 36.a4 Ra8 37.a5 bxa5 38.Ra2 a4 39.Ne6+ Nxe6 40.dxe6 a6 41.Rxa4 axb5 
42.Rxa8 Rxa8 43.cxb5 Kf6 44.Rc1 Rb8 45.e7 Kf7 46.Rc5 Kxe7 47.Kh1 1/2-1/2

[Event "44th World U20 ch"]
[Site "Istanbul TUR"]
[Date "2005.11.19"]
[Round "10.20"]
[White "Maenhout, Thibaut"]
[Black "Poobesh Anand, Selvaraj"]
[Result "1/2-1/2"]
[WhiteElo "2282"]
[BlackElo "2397"]
[EventDate "2005.11.09"]
[PlyCount "63"]

1.e4 c5 2.Nf3 Nc6 3.d4 cxd4 4.Nxd4 Nf6 5.Nc3 e5 6.Ndb5 d6 7.Bg5 a6 8.Na3 
b5 9.Nd5 Be7 10.Bxf6 Bxf6 11.c3 Bg5 12.Nc2 O-O 13.a4 bxa4 14.Rxa4 a5 15.
Bc4 Rb8 16.Ra2 Be6 17.O-O Kh8 18.Nce3 g6 19.b3 f5 20.exf5 gxf5 21.f4 exf4 
22.Nxf4 Bxf4 23.Rxf4 Qb6 24.Rff2 Qxe3 25.Re2 Qxc3 26.Rxe6 a4 27.Qxd6 axb3 
28.Bxb3 Rbc8 29.Qg3 Qa1+ 30.Rf1 Qa7+ 31.Qe3 Qxe3+ 32.Rxe3 1/2-1/2

[Event "44th World U20 ch"]
[Site "Istanbul TUR"]
[Date "2005.11.19"]
[Round "10.21"]
[White "Kvon, Andrei"]
[Black "Esen, Baris"]
[Result "1/2-1/2"]
[WhiteElo "2293"]
[BlackElo "2384"]
[EventDate "2005.11.09"]
[PlyCount "102"]

1.e4 c5 2.Nf3 d6 3.d4 cxd4 4.Nxd4 Nf6 5.Nc3 a6 6.Bg5 e6 7.f4 Be7 8.Qf3 Qc7
9.O-O-O Nbd7 10.Bd3 h6 11.Bh4 g5 12.fxg5 Ne5 13.Qe2 Nfg4 14.Nf3 hxg5 15.
Bg3 Bd7 16.h3 Nxf3 17.hxg4 Rxh1 18.Rxh1 Nh4 19.e5 Bc6 20.exd6 Bxd6 21.Bxd6
Qxd6 22.Ne4 Bxe4 23.Bxe4 O-O-O 24.Rf1 Rd7 25.Qe1 Kb8 26.g3 Ng6 27.Bxg6 
fxg6 28.Rf6 Re7 29.Rxg6 Qd4 30.c3 Qd5 31.Rg8+ Kc7 32.Qd1 Rd7 33.Qxd5 Rxd5 
34.Kc2 a5 35.b3 b5 36.a3 Re5 37.Kd3 Rd5+ 38.Ke4 Rc5 39.Kd3 Rd5+ 40.Kc2 Re5
41.a4 bxa4 42.bxa4 Re4 43.Rxg5 Rxa4 44.Rg8 Ra2+ 45.Kb3 Rg2 46.g5 Rxg3 47.
g6 Kd6 48.Ka4 Ke7 49.c4 Rg5 50.Ra8 Rxg6 51.Kxa5 Kd7 1/2-1/2

[Event "44th World U20 ch"]
[Site "Istanbul TUR"]
[Date "2005.11.19"]
[Round "10.22"]
[White "Tikkanen, Hans"]
[Black "Mamedov, Nidjat"]
[Result "0-1"]
[WhiteElo "2343"]
[BlackElo "2517"]
[EventDate "2005.11.09"]
[PlyCount "86"]

1.d4 Nf6 2.c4 g6 3.Nc3 Bg7 4.e4 d6 5.h3 O-O 6.Be3 c6 7.Nf3 a6 8.a4 a5 9.g4
Na6 10.Be2 Nb4 11.g5 Nh5 12.Nh4 e5 13.dxe5 dxe5 14.Bxh5 gxh5 15.Kf1 Qxd1+ 
16.Rxd1 Be6 17.b3 Nc2 18.Nf5 Nxe3+ 19.Nxe3 Rfd8 20.Kg2 Bf8 21.Kg3 Kg7 22.
h4 Kg6 23.f4 exf4+ 24.Kxf4 Bb4 25.Ne2 h6 26.Nd4 hxg5+ 27.hxg5 Bd6+ 28.e5 
Bc5 29.Ndf5 Bxe3+ 30.Nxe3 Rxd1 31.Rxd1 h4 32.Ng4 h3 33.Nh2 b5 34.cxb5 cxb5
35.axb5 Rb8 36.Nf3 Rxb5 37.Nd4 Rb4 38.Kg3 Bxb3 39.Rd2 a4 40.Kxh3 a3 41.
Nxb3 Rxb3+ 42.Kg4 Rb4+ 43.Kf3 Ra4 0-1

[Event "44th World U20 ch"]
[Site "Istanbul TUR"]
[Date "2005.11.19"]
[Round "10.24"]
[White "Papin, Vasily"]
[Black "Jessel, Stephen"]
[Result "1-0"]
[WhiteElo "2425"]
[BlackElo "2304"]
[EventDate "2005.11.09"]
[PlyCount "45"]

1.e4 e6 2.d4 d5 3.Nd2 Nf6 4.e5 Nfd7 5.Bd3 c5 6.c3 Nc6 7.Ndf3 cxd4 8.cxd4 
f6 9.exf6 Nxf6 10.Nh3 Bd6 11.O-O O-O 12.Re1 Qc7 13.Nhg5 h6 14.Nxe6 Bxe6 
15.Rxe6 Ng4 16.h3 Bh2+ 17.Kf1 Nxf2 18.Kxf2 Qg3+ 19.Kf1 Nxd4 20.Rg6 Qh4 21.
Be2 Nxe2 22.Qxe2 Rae8 23.Qxe8 1-0

[Event "44th World U20 ch"]
[Site "Istanbul TUR"]
[Date "2005.11.19"]
[Round "10.26"]
[White "Kurmann, Oliver"]
[Black "Rohit, Gogineni"]
[Result "1-0"]
[WhiteElo "2287"]
[BlackElo "2401"]
[EventDate "2005.11.09"]
[PlyCount "57"]

1.e4 c5 2.Nf3 e6 3.d4 cxd4 4.Nxd4 a6 5.Bd3 Bc5 6.Nb3 Ba7 7.Nc3 Nc6 8.Qg4 
Qf6 9.f4 d6 10.e5 Nxe5 11.fxe5 Qxe5+ 12.Qe2 f5 13.Bg5 Nf6 14.O-O-O Ng4 15.
Rhe1 Qxe2 16.Bxe2 Ne5 17.Bh5+ g6 18.Rxe5 dxe5 19.Rd8+ Kf7 20.Rxh8 gxh5 21.
h4 Kg7 22.Re8 h6 23.Re7+ Kg6 24.Bd2 Bf2 25.Na4 b5 26.Nac5 Bxh4 27.Re8 Bf6 
28.Nd7 Bb7 29.Rxe6 1-0

[Event "44th World U20 ch"]
[Site "Istanbul TUR"]
[Date "2005.11.19"]
[Round "10.27"]
[White "Nava, Roderick"]
[Black "Macak, Stefan"]
[Result "1/2-1/2"]
[WhiteElo "2317"]
[BlackElo "2319"]
[EventDate "2005.11.09"]
[PlyCount "28"]

1.d4 Nf6 2.c4 e6 3.Nf3 Bb4+ 4.Nbd2 b6 5.a3 Bxd2+ 6.Bxd2 Bb7 7.Bg5 d6 8.e3 
Nbd7 9.Be2 Qe7 10.O-O O-O 11.Nd2 e5 12.Bf3 Bxf3 13.Qxf3 h6 14.Bh4 Rfe8 
1/2-1/2

[Event "44th World U20 ch"]
[Site "Istanbul TUR"]
[Date "2005.11.19"]
[Round "10.28"]
[White "Zeynalov, Farid"]
[Black "Moradiabadi, Elshan"]
[Result "1/2-1/2"]
[WhiteElo "2179"]
[BlackElo "2497"]
[EventDate "2005.11.09"]
[PlyCount "71"]

1.d4 Nf6 2.c4 e6 3.Nf3 c5 4.e3 d5 5.Nc3 Nc6 6.a3 a6 7.b3 Be7 8.Be2 O-O 9.
O-O b6 10.Bb2 dxc4 11.bxc4 cxd4 12.exd4 Bb7 13.Na4 Rb8 14.Rb1 Na5 15.Ne5 
Be4 16.Bd3 Bxd3 17.Qxd3 b5 18.Bc3 bxc4 19.Rxb8 Qxb8 20.Qb1 Qb3 21.Qxb3 
Nxb3 22.Nxc4 Nd5 23.Bb2 Rc8 24.Ne3 Nf4 25.Rd1 Bf6 26.Kf1 Rb8 27.d5 Bxb2 
28.Nxb2 Nxd5 29.Nxd5 exd5 30.Rxd5 Kf8 31.Na4 Rc8 32.Rd3 Na5 33.Rd5 Nc4 34.
Nc5 a5 35.Nb7 a4 36.Nc5 1/2-1/2

[Event "44th World U20 ch"]
[Site "Istanbul TUR"]
[Date "2005.11.19"]
[Round "10.29"]
[White "Aleskerov, Faik"]
[Black "Kuderinov, Kirill"]
[Result "0-1"]
[WhiteElo "2321"]
[BlackElo "2432"]
[EventDate "2005.11.09"]
[PlyCount "64"]

1.f4 d5 2.Nf3 c5 3.g3 Nc6 4.Bg2 Nf6 5.O-O g6 6.d3 Bg7 7.c3 O-O 8.Qe1 d4 9.
e4 dxe3 10.Bxe3 Bf5 11.Na3 Qb6 12.Nc4 Qa6 13.Nfe5 Nxe5 14.Nxe5 Rac8 15.d4 
c4 16.h3 Be4 17.g4 Bxg2 18.Kxg2 Qb5 19.Qe2 Nd5 20.Rf2 f6 21.Nf3 Bh6 22.g5 
fxg5 23.fxg5 Bg7 24.Re1 Rf5 25.Nd2 Rxf2+ 26.Qxf2 Qxb2 27.Qf3 Rd8 28.Bf4 e5
29.Be3 exd4 30.Rb1 Nxe3+ 31.Kh1 Qxd2 32.Rxb7 Qe1+ 0-1

[Event "44th World U20 ch"]
[Site "Istanbul TUR"]
[Date "2005.11.19"]
[Round "10.32"]
[White "Samakov, Nurdin"]
[Black "Grecescu, Gabriel-Andrei"]
[Result "1-0"]
[WhiteElo "2209"]
[BlackElo "2380"]
[EventDate "2005.11.09"]
[PlyCount "69"]

1.e4 c5 2.Nf3 d6 3.Nc3 Nc6 4.d4 cxd4 5.Nxd4 g6 6.Be3 Bg7 7.Qd2 Nf6 8.f3 
O-O 9.g4 Bd7 10.O-O-O Rc8 11.Nxc6 Rxc6 12.Bh6 Bh8 13.Bxf8 Qxf8 14.e5 Ne8 
15.Bb5 Bxe5 16.Bxc6 bxc6 17.Rde1 Bf6 18.g5 Bg7 19.Qe3 e5 20.Qxa7 Qe7 21.f4
d5 22.fxe5 Qxg5+ 23.Kb1 Qd8 24.a4 Nc7 25.a5 Bf8 26.Rhf1 Qc8 27.Na4 Nb5 28.
Qf2 Be6 29.Qb6 Be7 30.a6 d4 31.a7 Nc7 32.Qb8 Na8 33.Nb6 Nxb6 34.Qxb6 Kg7 
35.Qb8 1-0

[Event "44th World U20 ch"]
[Site "Istanbul TUR"]
[Date "2005.11.19"]
[Round "10.33"]
[White "Krivokapic, Marko"]
[Black "Stander, Heinrich"]
[Result "1/2-1/2"]
[WhiteElo "2361"]
[BlackElo "2128"]
[EventDate "2005.11.09"]
[PlyCount "62"]

1.e4 c5 2.Nf3 Nc6 3.d4 cxd4 4.Nxd4 Nf6 5.Nc3 g6 6.Nb3 Bg7 7.Be2 O-O 8.O-O 
d6 9.Be3 a5 10.a4 Be6 11.f4 Bxb3 12.cxb3 Nb4 13.Bc4 Nxe4 14.Nxe4 d5 15.Bd3
Nxd3 16.Qxd3 dxe4 17.Qxe4 e6 18.b4 Bxb2 19.Rad1 Qc7 20.Rf2 Bc3 21.b5 Rac8 
22.Rc2 Qe7 23.Rdc1 Qb4 24.Qf3 Rc4 25.Qxb7 Rfc8 26.g3 Bd2 27.Qxc8+ Rxc8 28.
Rxc8+ Kg7 29.Bxd2 Qxd2 30.R8c4 Qe3+ 31.Kg2 Qe2+ 1/2-1/2

[Event "44th World U20 ch"]
[Site "Istanbul TUR"]
[Date "2005.11.19"]
[Round "10.36"]
[White "Tanrikulu, Secim Erhan"]
[Black "Amanov, Mesgen"]
[Result "1/2-1/2"]
[WhiteElo "2151"]
[BlackElo "2273"]
[EventDate "2005.11.09"]
[PlyCount "96"]

1.e4 c5 2.c3 Nc6 3.d4 cxd4 4.cxd4 d5 5.exd5 Qxd5 6.Nf3 Bg4 7.Be2 e6 8.Nc3 
Qa5 9.O-O Nf6 10.Bf4 Be7 11.Nb5 Nd5 12.Nd6+ Bxd6 13.Bxd6 Rd8 14.Bc5 Nf4 
15.b4 Qc7 16.b5 Nxd4 17.Bxd4 Nxe2+ 18.Qxe2 Bxf3 19.Qxf3 Rxd4 20.Rac1 Qd7 
21.Qa3 b6 22.h3 Rd6 23.Rc8+ Qxc8 24.Qxd6 Qd8 25.Qc6+ Ke7 26.Rc1 Qb8 27.Qc3
Rd8 28.Qxg7 Qf4 29.Qc3 Rd2 30.Qa3+ Kf6 31.Rf1 Qc4 32.Qxa7 Qxb5 33.Qc7 Rxa2
34.Qf4+ Kg6 35.Qg3+ Qg5 36.Qb3 Qa5 37.Qg3+ Kf6 38.Qh4+ Kg6 39.Qg3+ Kf6 40.
Rd1 Qe5 41.Qh4+ Kg6 42.Qg4+ Kh6 43.Qh4+ Kg6 44.Qg4+ Qg5 45.Qd4 Qc5 46.Qg4+
Qg5 47.Qb4 Qa5 48.Qg4+ Qg5 1/2-1/2